000 00689cam a22001457a 4500
008 180718b-- xxu||||| |||| 00| 0 eng d
082 _aA81x54 91/18/PT3B/B
100 _aCensus of India 1991
245 _aNagaland: economic tables
260 _aDelhi
_bThe Controller of Publications
_c--
300 _a-v-
440 _aCensus of India 1991. Series-18, Nagaland. Part IIIB-B series
500 _aContents: v.1. Tables B-2(F), B-3(F), B-6(F), B-7(F), B-8(F), B-9(F), B-12(F), B-13(i)(F), B-13(ii)(F), B-14(F), B-15(i)(F), B-15(ii)(F), B-16(F), B-17(F) and B-18(F);v.2. B-19(F), B-20(F), B-21(F) Part A & B, B-22(F), B-23(F) and B-24(F)
650 _aNagaland - Economic conditions - Census
999 _c490507
_d490507